| 000 | 00000nam##2200000za#4500 |
| 001 | 9.572673 |
| 003 | CaOODSP |
| 005 | 20230202144024 |
| 007 | cr ||||||||||| |
| 008 | 150406|1995||||xxc|||||o f|0| 0 eng|d |
| 040 | |aCaOODSP|beng |
| 043 | |an-cn--- |
| 086 | 1 |aH72-22/16-1995E-PDF |
| 110 | 2 |aNational Clearinghouse on Family Violence (Canada). |
| 245 | 14|aThe parent-teen relationship : |h[electronic resource]|bhow parents can make the most of it / |cprepared by Gus Fraser. |
| 260 | |aOttawa - Ontario : |bHealth Canada. |c1995. |
| 300 | |a9p.|breferences |
| 490 | 1 |aInformation from the National Clearinghouse on Family Violence |
| 500 | |a"Focuses on strategies parents can use to deal with typical teenage behaviour".--Page 1. |
| 500 | |aThe catalogue number (H72-22/16-1995E) and ISBN (0-662-21708-X) for the print edition have been incorrectly copied in this electronic publication. |
| 520 | 3 |a"Focuses on strategies parents can use to deal with typical teenage behaviour."--Page 1 |
| 590 | |a11-31-Supp|b2011-12-13 |
| 690 | 07|aFamily violence|2gcpds |
| 690 | 07|aAdolescents|2gcpds |
| 720 | 1 |aFraser, Gus |
| 775 | 08|tLa relation parents-adolescents : |w(CaOODSP)9.603005 |
| 776 | 0#|tThe parent-teen relationship: how parents can make the most of it / |w(CaOODSP)9.611832 |
| 830 | #0|aInformation from the National Clearinghouse on Family Violence.|w(CaOODSP)9.504469 |
| 856 | 40|ahttp://publications.gc.ca|qPDF|s47 KB|uhttps://publications.gc.ca/collections/Collection/H72-22-16-1995E.pdf |